|
|
|
|
| LEADER |
02464nam a22003973i 4500 |
| 001 |
EBC6695173 |
| 003 |
MiAaPQ |
| 005 |
20231204023217.0 |
| 006 |
m o d | |
| 007 |
cr cnu|||||||| |
| 008 |
231204s2015 xx o ||||0 ger d |
| 020 |
|
|
|a 9783839413104
|q (electronic bk.)
|
| 020 |
|
|
|z 9783837613100
|
| 035 |
|
|
|a (MiAaPQ)EBC6695173
|
| 035 |
|
|
|a (Au-PeEL)EBL6695173
|
| 035 |
|
|
|a (OCoLC)1110438134
|
| 040 |
|
|
|a MiAaPQ
|b eng
|e rda
|e pn
|c MiAaPQ
|d MiAaPQ
|
| 100 |
1 |
|
|a Misselwitz, Margarete.
|
| 245 |
1 |
0 |
|a Politik der Unentschiedenheit :
|b Die internationale Politik und ihr Umgang mit Kriegsflüchtlingen.
|
| 250 |
|
|
|a 1st ed.
|
| 264 |
|
1 |
|a Bielefeld :
|b transcript,
|c 2015.
|
| 264 |
|
4 |
|c {copy}2010.
|
| 300 |
|
|
|a 1 online resource (301 pages)
|
| 336 |
|
|
|a text
|b txt
|2 rdacontent
|
| 337 |
|
|
|a computer
|b c
|2 rdamedia
|
| 338 |
|
|
|a online resource
|b cr
|2 rdacarrier
|
| 490 |
1 |
|
|a Global Studies
|
| 505 |
0 |
|
|a Cover -- Inhalt -- Kriegsflucht: Neue Blicke auf ein altes Thema -- POLITIK DES BESCHRÄNKTEN ZUGANGS -- Flucht und Asyl - zur Genealogie eines Feldes -- Sicherheit und Immigration: Zu einer Kritik der Gouvernementalität des Unbehagens -- Möglichkeiten und Grenzen des internationalen Flüchtlingsschutzes für kolumbianische Flüchtlinge in Ecuador -- Afrikanische Staaten, Staatsbürgerschaft und Krieg: Die Region der Großen Seen -- EXIL: ZWISCHENLEBEN -- Die Militarisierung liberianischer Flüchtlinge in Guinea -- Schuld und Sühne: Mechanismen der Finanzierung von Bürgerkriegen aus der Diaspora -- Palästinensische Flüchtlingslager neu denken: Von Abhängigkeit zu ziviler Selbstverwaltung -- RÜCKKEHR IN DIE FREMDE -- Palästinenser im Exil und nach ihrer Rückkehr -- Nach der Abschiebung: Abgeschobene Jugendliche aus Deutschland im Kosovo -- Autorinnen und Autoren.
|
| 588 |
|
|
|a Description based on publisher supplied metadata and other sources.
|
| 590 |
|
|
|a Electronic reproduction. Ann Arbor, Michigan : ProQuest Ebook Central, 2023. Available via World Wide Web. Access may be limited to ProQuest Ebook Central affiliated libraries.
|
| 655 |
|
4 |
|a Electronic books.
|
| 700 |
1 |
|
|a Schlichte, Klaus.
|
| 776 |
0 |
8 |
|i Print version:
|a Misselwitz, Margarete
|t Politik der Unentschiedenheit
|d Bielefeld : transcript,c2015
|z 9783837613100
|
| 797 |
2 |
|
|a ProQuest (Firm)
|
| 830 |
|
0 |
|a Global Studies
|
| 856 |
4 |
0 |
|u https://ebookcentral.proquest.com/lib/matrademy/detail.action?docID=6695173
|z Click to View
|